| 000 | 00454 a2200157 4500 | ||
|---|---|---|---|
| 999 |
_c10296 _d10296 |
||
| 020 | _a9781485127536 | ||
| 050 | _aKD7645RAM2918 | ||
| 100 | _aRamsden, P | ||
| 245 |
_aThe law of arbitration South Africa and International arbitration / _cPeter Ramsden |
||
| 250 | _a2nd ed. | ||
| 264 |
_aCape Town _bJuta _c2018 |
||
| 300 | _a342p. | ||
| 500 | _aIncludes index | ||
| 650 | _aLaw-- Arbitration--- South Africa | ||
| 942 |
_2lcc _cBK _e2nd ed. _h7645 _iRAM _kKD |
||